| 000 | 00905nas a2200289 4500 | ||
|---|---|---|---|
| 001 | BR2013003784 | ||
| 003 | BR-BrBNA | ||
| 005 | 20231205122326.0 | ||
| 007 | ta | ||
| 008 | 230509b bl.|||p| |||| 00| 00por d | ||
| 040 |
_aBR-BrBNA _bpor _cBiblioteca Nacional de Agricultura |
||
| 041 | _a(Pt) | ||
| 072 | _aQ02 | ||
| 100 | 1 | _aDemiate, I.M. | |
| 100 | 1 | _aSanger, S.A. | |
| 100 | 1 | _aVogler, Z. | |
| 100 | 1 | _aCereda, M.P. | |
| 100 | 1 | _aWosiacki, G. | |
| 245 | 1 | _aCaracterísticas de qualidade de amostras de polvilho azedo produzido ou comercializado no estado do Paraná | |
| 650 | _aPOLVILHO AZEDO | ||
| 650 | _aQUALIDADE | ||
| 650 | _aCOMPOSIÇÃO QUÍMICA | ||
| 650 | _aCONTROLE DE QUALIDADE | ||
| 773 | 0 |
_tArquivos de Biologia e Tecnologia (Brazil) _xISSN 0365-0979 _g(Jun 1997), v. 40(2) p. 321-330 _wBR2013003784 |
|
| 909 |
_a202311 _bLúcia _c55 _dLúcia Elande |
||
| 942 |
_2AGRIS _n0 _cANA |
||
| 999 |
_c228086 _d228086 |
||